000 00643nam a2200205 a 4500
001 000008380
005 20240412074207.0
008 090916s1980 dr 000 p spa d
040 _aDO-SdBNP
_bspa
_cBNPHU
082 _aRD861.44
_bH557b
100 1 _aHernández, Carolina
_922604
245 1 0 _aBrotes íntimos /
_cCarolina Hernández ; prólogo Leo Beato.
260 _aSanto Domingo :
_bLa Isabela,
_c1980.
300 _a84 p. ;
_c21 cm.
590 _aInventariado, 2018/LP
650 0 _aPoesía dominicana
_966
650 0 _aLiteratura dominicana.
_967
700 1 2 _aBeato, Leo,
_epról.
_922605
910 _aValidado. Control de calidad MFF
999 _c8151
_d8151